| 000 -LEADER |
| fixed length control field |
01392 a2200349 4500 |
| 003 - CONTROL NUMBER IDENTIFIER |
| control field |
OSt |
| 005 - DATE AND TIME OF LATEST TRANSACTION |
| control field |
20180116192358.0 |
| 008 - FIXED-LENGTH DATA ELEMENTS--GENERAL INFORMATION |
| fixed length control field |
120702t xxu||||| |||| 00| 0 eng d |
| 010 ## - LIBRARY OF CONGRESS CONTROL NUMBER |
| LC control number |
2010281508 |
| 020 ## - INTERNATIONAL STANDARD BOOK NUMBER |
| International Standard Book Number |
9780714848556 |
| 020 ## - INTERNATIONAL STANDARD BOOK NUMBER |
| International Standard Book Number |
0714848557 |
| 028 52 - PUBLISHER NUMBER |
| Publisher number |
4855 |
| 035 ## - SYSTEM CONTROL NUMBER |
| System control number |
(OCoLC)ocn172979961 |
| 040 ## - CATALOGING SOURCE |
| Transcribing agency |
0 |
| 082 04 - DEWEY DECIMAL CLASSIFICATION NUMBER |
| Classification number |
741.6 |
| 245 00 - TITLE STATEMENT |
| Title |
Area 2 : |
| Remainder of title |
100 graphic designers, 10 curators, 10 design classics. |
| 246 3# - VARYING FORM OF TITLE |
| Title proper/short title |
Hundred graphic designers, ten curators, ten design classics |
| 246 3# - VARYING FORM OF TITLE |
| Title proper/short title |
Area two : |
| Remainder of title |
100 graphic designers, 10 curators, 10 design classics |
| 260 ## - PUBLICATION, DISTRIBUTION, ETC. |
| Place of publication, distribution, etc. |
London ; |
| Name of publisher, distributor, etc. |
New York : |
| -- |
Phaidon Press, |
| Date of publication, distribution, etc. |
2008. |
| 300 ## - PHYSICAL DESCRIPTION |
| Extent |
444 p. : |
| Other physical details |
ill. (chiefly col.) ; |
| Dimensions |
30 cm. |
| 520 ## - SUMMARY, ETC. |
| Summary, etc. |
"100 of the most creative designers to have emerged on the international scene over the past five years, chosen by 10 of the most respected figures in the field"--Publisher. |
| 650 10 - SUBJECT ADDED ENTRY--TOPICAL TERM |
| Topical term or geographic name entry element |
Graphic arts |
| General subdivision |
History |
| Chronological subdivision |
20th century |
| 9 (RLIN) |
5186 |
| 650 10 - SUBJECT ADDED ENTRY--TOPICAL TERM |
| Topical term or geographic name entry element |
Graphic arts |
| General subdivision |
History |
| Chronological subdivision |
21st century |
| 9 (RLIN) |
5187 |
| 650 10 - SUBJECT ADDED ENTRY--TOPICAL TERM |
| Topical term or geographic name entry element |
Commercial art |
| General subdivision |
History |
| Chronological subdivision |
20th century |
| 9 (RLIN) |
5188 |
| 650 10 - SUBJECT ADDED ENTRY--TOPICAL TERM |
| Topical term or geographic name entry element |
Commercial art |
| General subdivision |
History |
| Chronological subdivision |
21st century |
| 9 (RLIN) |
5189 |
| 650 10 - SUBJECT ADDED ENTRY--TOPICAL TERM |
| Topical term or geographic name entry element |
Grafische vormgeving. |
| 9 (RLIN) |
5190 |
| 650 10 - SUBJECT ADDED ENTRY--TOPICAL TERM |
| Topical term or geographic name entry element |
Ontwerpers. |
| 9 (RLIN) |
5191 |
| 650 #0 - SUBJECT ADDED ENTRY--TOPICAL TERM |
| Topical term or geographic name entry element |
Gebrauchsgraphik. |
| 9 (RLIN) |
5192 |
| 655 #7 - INDEX TERM--GENRE/FORM |
| Genre/form data or focus term |
Beispielsammlung. |
| 9 (RLIN) |
5193 |
| 942 ## - ADDED ENTRY ELEMENTS (KOHA) |
| Institution code [OBSOLETE] |
SADA |
| Koha item type |
Book |
| Call number prefix |
741.6 ARE 2008 |
| Source of classification or shelving scheme |
|
| 952 ## - LOCATION AND ITEM INFORMATION (KOHA) |
| -- |
BOOK |